|
|
|
|
| LEADER |
00885nta a2200217 i 4500 |
| 001 |
dipl107237 |
| 005 |
20210222094342.0 |
| 008 |
210219s2008 hu om 0|| zxx d |
| 040 |
|
|
|a SZTE Diploma Repozitórium
|b hun
|
| 041 |
|
|
|a zxx
|
| 100 |
1 |
|
|a Czentye Józsefné
|
| 245 |
1 |
2 |
|a A Szegedi Fegyház és Börtön Mindennapi élet a Szegedi Csillag Börtönben
|h [elektronikus dokumentum] /
|c Józsefné Czentye
|
| 246 |
1 |
0 |
|a Penitentiary and Prison of Szeged Everyday life at Prison Csillag in Szeged
|h [elektronikus dokumentum]
|
| 260 |
|
|
|c 2008
|
| 650 |
|
4 |
|a Pedagógusképzés
|
| 650 |
|
4 |
|a Social sciences
|
| 650 |
|
4 |
|a Media and communications
|
| 650 |
|
4 |
|a Media and socio-cultural communication
|
| 650 |
|
4 |
|a Cultural studies, cultural diversity
|
| 700 |
1 |
|
|a Bozsó Renáta
|e ths
|
| 856 |
4 |
0 |
|u http://diploma.bibl.u-szeged.hu/id/eprint/107237/1/2008_czentye_jozsefne.pdf
|z Dokumentum-elérés
|